The works of Quaid-i-Azam Muhammad Ali Jinnah 1893-1912 (Record no. 10022)

MARC details
000 -LEADER
fixed length control field 00540nam a2200181Ia 4500
005 - DATE AND TIME OF LATEST TRANSACTION
control field 20260427115454.0
008 - FIXED-LENGTH DATA ELEMENTS--GENERAL INFORMATION
fixed length control field 231207s9999 xx 000 0 und d
020 ## - INTERNATIONAL STANDARD BOOK NUMBER
International Standard Book Number 9698329005
040 ## - CATALOGING SOURCE
Transcribing agency PK-LaNCA
082 ## - DEWEY DECIMAL CLASSIFICATION NUMBER
Classification number 080
Item number WOR
100 ## - MAIN ENTRY--PERSONAL NAME
Author Name Riaz Ahmad
245 #4 - TITLE STATEMENT
Title The works of Quaid-i-Azam Muhammad Ali Jinnah 1893-1912
260 ## - PUBLICATION, DISTRIBUTION, ETC.
Name of publisher, distributor, etc. Quaid-i-Azam University
Place of publication, distribution, etc. Islamabad
Date of publication, distribution, etc. 1996
300 ## - PHYSICAL DESCRIPTION
Pages li, 468p
546 ## - LANGUAGE NOTE
Language note English
650 ## - SUBJECT ADDED ENTRY--TOPICAL TERM
Subject Muhammad Ali Jinnah, 1875-1948--Public life--Documents collection. Pakistan--history.
942 ## - ADDED ENTRY ELEMENTS (KOHA)
Koha item type Book
999 ## -
-- 10022
-- 10022
Holdings
Withdrawn status Weedout from Library Permanent Location Current Location Shelving location Date acquired Full call number Barcode Copy number Price effective from Koha item type
    NATIONAL COLLEGE OF ARTS, LAHORE - LIBRARY NATIONAL COLLEGE OF ARTS, LAHORE - LIBRARY General Section Library Basement 08/12/2023 080 WOR 13727 13727 VOL 1 08/12/2023 Book